| 000 | 00817nam a22001937a 4500 | ||
|---|---|---|---|
| 003 | OSt | ||
| 005 | 20250916092134.0 | ||
| 008 | 240228b ||||| |||| 00| 0 eng d | ||
| 040 | _c0 | ||
| 082 | _aDPer 621.317 Ie21 June 2022 v. 37 n. 6 | ||
| 100 |
_aSon, Gibong. _eauthor. _953569 |
||
| 245 |
_aControl techniques for CRM-based high-frequency soft-switching three-phase inverter under unbalanced grid conditions / _cGibong Son and Qiang Li. |
||
| 260 |
_aNew York ; _bThe Institute of Electrical and Electronics Engineers, Inc. , _cJune 2022. |
||
| 300 |
_aVolume 37, pages 6613-6624 : _billustration ; _c29 cm. |
||
| 500 | _aIEEE Transactions on Power Electronics, vol. 37, no. 6, pages 6613-6624, June 2022. | ||
| 700 |
_aSon, Gibong. _eauthor. _953569 |
||
| 700 |
_aLi, Qiang. _eauthor. _953570 |
||
| 942 |
_2ddc _cPER |
||
| 999 |
_c19412 _d19412 |
||